| 000 | 00415cam a2200169ua 4500 | ||
|---|---|---|---|
| 020 | _cRs 4.00 | ||
| 041 |
_amal _h |
||
| 082 |
_a928.94812 _bJOS/TH |
||
| 100 | _aJoseph, M O. | ||
| 245 |
_aThachil Mathu Tharakan / _cM O Joseph. _hTextual Documents |
||
| 260 |
_aKottayam : _bNational Book Stall , _c1961. |
||
| 300 | _a532 ; . | ||
| 365 | _aRs 4.00 | ||
| 504 | _a | ||
| 942 | _cBK | ||
| 999 |
_c4222 _d4222 |
||